The Office Comprehension - 07 - The Dundies - Statistics

General Stats
  • This quiz has been taken 20 times
  • The average score is 8 of 12
Answer Stats
Hint Answer % Correct
What is a Dundie? A trophy
88%
What restaurant are the Dundies held at? Chili's
82%
What award has Pam been given at the last few Dundies Award Ceremonies? Longest engagement
76%
Who got banned from the restaurant, and all others from the same franchise, permanently? Pam Beesly
76%
Who won the busiest/bushiest beaver award? Phyllis Lapin
76%
Who won the 'Don't go in there' award? Kevin Malone
71%
What award did Pam get this time? Whitest sneakers award
71%
What pub did Darryl and Roy escape to once they learnt the drinks weren't free? Poor Richard's
59%
What does Oscar compare the Dundies to? A children's birthday party
47%
What Elton John song was Michael singing before getting booed by other patrons? Tiny Dancer
47%
What award did did Stanley win? Fine work award
41%
What award did Angela win? Tight ass award
41%
No matching quizzes found
Score Distribution
Percent of People with Each Score
Percentile by Number Answered
Your Score History
You have not taken this quiz